Adobe Photoshop 6.0: User guide /

Podrobná bibliografie
Korporativní autor: Adobe Systems Incorporated and Licensors
Médium: Kniha
Jazyk:angličtina
Vydáno: California: Adobe Systems Incorporated, 2000
Témata:

MARC

LEADER 00000nam a2200000Ia 4500
008 180904b2000 -us||||| |||| 00| | eng d
999 |c 2038  |d 2038 
090 |a 08.15.02   |b 1065 
110 |a Adobe Systems Incorporated and Licensors  |9 528 
245 1 0 |a Adobe Photoshop 6.0: User guide /   |c Adobe Systems Incorporated and Licensors 
260 |a California:   |b Adobe Systems Incorporated,   |c 2000 
300 |a 434 páginas 
650 1 4 |9 1302  |a PROGRAMAS DE COMPUTADORA 
650 1 4 |9 426  |a MANUALES  
942 |i 001776   |h 08.15.02 1065  |2 z  |c 01